| 000 | 00643nam a2200205 i 4500 | ||
|---|---|---|---|
| 001 | 107922 | ||
| 003 | ES-MaACL | ||
| 007 | t| | ||
| 008 | 061227s1969 sp ||||1| spa d | ||
| 080 | _a591.5 | ||
| 100 | 1 |
_aCarthy, J. D. _935895 |
|
| 245 | 1 | 3 |
_aLa Conducta de los animales / _cJ. D. Carthy. |
| 260 |
_aMadrid : _bSalvat, _c1969. |
||
| 300 |
_a176 p. : _blám. col., grab. ; _c19 cm. |
||
| 490 | 1 |
_aBiblioteca básica Salvat de Libros RTV ; _v28 |
|
| 650 | 1 | 4 |
_aAnimales- _xConducta. _99833 |
| 830 | 0 | 0 |
_aBiblioteca básica Salvat de libros RTV _v28 _9185398 |
| 852 |
_aES-MaACL _jE-2949 _bR.69765 |
||
| 999 |
_c107922 _d107922 |
||